The small business survival guide: how to manage your cash, profits and taxes. (Record no. 200697)
[ view plain ]
| 000 -LEADER | |
|---|---|
| fixed length control field | 00483nam a2200157Ia 4500 |
| 008 - FIXED-LENGTH DATA ELEMENTS--GENERAL INFORMATION | |
| fixed length control field | 210716s1995 xx 000 0 und d |
| 020 ## - INTERNATIONAL STANDARD BOOK NUMBER | |
| International Standard Book Number | 1570710457 |
| 041 ## - LANGUAGE CODE | |
| Language code of text/sound track or separate title | eng |
| 082 ## - DEWEY DECIMAL CLASSIFICATION NUMBER | |
| Classification number | 658.1592 FLER |
| 100 ## - MAIN ENTRY--PERSONAL NAME | |
| Personal name | Fleury, Robert E. |
| 245 ## - TITLE STATEMENT | |
| Title | The small business survival guide: how to manage your cash, profits and taxes. |
| Remainder of title | How to manage your cash, profits and taxes. |
| 250 ## - EDITION STATEMENT | |
| Edition statement | 3 |
| 260 ## - PUBLICATION, DISTRIBUTION, ETC. | |
| Place of publication, distribution, etc. | Neparvalli |
| Name of publisher, distributor, etc. | Sourcebooks |
| Date of publication, distribution, etc. | 1995 |
| 300 ## - PHYSICAL DESCRIPTION | |
| Extent | 237 |
| 650 ## - SUBJECT ADDED ENTRY--TOPICAL TERM | |
| Topical term or geographic name entry element | International Finance |
| Withdrawn status | Lost status | Damaged status | Not for loan | Collection code | Home library | Current library | Date acquired | Total Checkouts | Full call number | Barcode | Date last seen | Price effective from | Koha item type |
|---|---|---|---|---|---|---|---|---|---|---|---|---|---|
| MBA | St Aloysius Institute of Management & Information Technology | St Aloysius Institute of Management & Information Technology | 03/02/2006 | 658.1592 FLER | MBA03262 | 05/23/2026 | 07/16/2021 | Book |